00190nam a2200085Ia 450000500170000000800410001724500190005826000100007799900170008720250523150954.0250523s9999 xx 000 0 und d 0aGamcHakan Yel bALTIN c11905d11905